Las cinco mejores obras de Carlos Dickens / (Record no. 150723)
[ view plain ]
| 000 -LEADER | |
|---|---|
| campo de control de longitud fija | 01245nam a2200337 i 4500 |
| 001 - NÚMERO DE CONTROL | |
| campo de control | 150723 |
| 003 - IDENTIFICADOR DE NÚMERO DE CONTROL | |
| campo de control | ES-MaACL |
| 005 - FECHA Y HORA DE LA ÚLTIMA TRANSACCIÓN | |
| campo de control | 20230906203649.0 |
| 007 - CAMPO FIJO DE DESCRIPCIÓN FÍSICA--INFORMACIÓN GENERAL | |
| campo de control de longitud fija | t| |
| 008 - DATOS DE LONGITUD FIJA--INFORMACIÓN GENERAL | |
| campo de control de longitud fija | 071107q1957 sp ||||1| spa d |
| 080 ## - NÚMERO DE LA CLASIFICACIÓN DECIMAL UNIVERSAL | |
| Número de la Clasificación Decimal Universal | 821.111-31"18" |
| 100 1# - ENTRADA PRINCIPAL--NOMBRE DE PERSONA | |
| Nombre de persona | Dickens, Charles. |
| 9 (RLIN) | 44489 |
| 245 14 - MENCIÓN DEL TÍTULO | |
| Título | Las cinco mejores obras de Carlos Dickens / |
| Mención de responsabilidad, etc. | [prólogo de José Castellano ; sobrecubierta e ilustraciones, Fariñas ; versiones de M. Rossell Pesant, R. Ballester Escalas, Víctor Scholz]. |
| 260 ## - PUBLICACIÓN, DISTRIBUCIÓN, ETC. | |
| Lugar de publicación, distribución, etc. | Barcelona : |
| Nombre del editor, distribuidor, etc. | Mateu, |
| Fecha de publicación, distribución, etc. | [ca. 1957] |
| 300 ## - DESCRIPCIÓN FÍSICA | |
| Extensión | 917 p. : |
| Otras características físicas | il. col. y n. ; |
| Dimensiones | 25 cm. |
| 490 1# - MENCIÓN DE SERIE | |
| Mención de serie | Las cinco mejores obras |
| 505 8# - NOTA DE CONTENIDO CON FORMATO | |
| Nota de contenido con formato | Contiene: David Copperfield ; Oliver Twist ; La pequeña Dorrit ; Historia de dos ciudades ; Canción de Navidad |
| 700 1# - ENTRADA AGREGADA--NOMBRE PERSONAL | |
| Nombre de persona | Castellano, José. |
| 9 (RLIN) | 36504 |
| 700 0# - ENTRADA AGREGADA--NOMBRE PERSONAL | |
| Nombre de persona | Fariñas. |
| 9 (RLIN) | 174107 |
| 700 1# - ENTRADA AGREGADA--NOMBRE PERSONAL | |
| Nombre de persona | Rossell Pesant, Manuel. |
| 9 (RLIN) | 99688 |
| 700 1# - ENTRADA AGREGADA--NOMBRE PERSONAL | |
| Nombre de persona | Ballester Escalas, R. |
| 9 (RLIN) | 25014 |
| 700 1# - ENTRADA AGREGADA--NOMBRE PERSONAL | |
| Nombre de persona | Scholz, Víctor. |
| 9 (RLIN) | 104643 |
| 740 02 - ENTRADA AGREGADA--TÍTULO RELACIONADO/ANALÍTICO NO CONTROLADO | |
| Título relacionado o analítico no controlado | David Coperfield. |
| 740 02 - ENTRADA AGREGADA--TÍTULO RELACIONADO/ANALÍTICO NO CONTROLADO | |
| Título relacionado o analítico no controlado | Oliver Twist. |
| 740 32 - ENTRADA AGREGADA--TÍTULO RELACIONADO/ANALÍTICO NO CONTROLADO | |
| Título relacionado o analítico no controlado | La pequeña Dorrit. |
| 740 02 - ENTRADA AGREGADA--TÍTULO RELACIONADO/ANALÍTICO NO CONTROLADO | |
| Título relacionado o analítico no controlado | Historia de dos ciudades. |
| 740 02 - ENTRADA AGREGADA--TÍTULO RELACIONADO/ANALÍTICO NO CONTROLADO | |
| Título relacionado o analítico no controlado | Canción de Navidad. |
| 830 1# - PUNTO DE ACCESO ADICIONAL DE SERIE-TÍTULO UNIFORME | |
| Título uniforme | Las cinco mejores obras |
| 9 (RLIN) | 187611 |
| 852 4# - LOCALIZACIÓN | |
| Ubicación | ES-MaACL |
| Número de control de estantería | C-10875 |
| Estatus retirado | Estado de pérdida | Estado de daño | No para préstamo | Biblioteca de origen | Biblioteca actual | Ubicación en estantería | Fecha de adquisición | Fuente de adquisición | Total de préstamos | Signatura topográfica completa | Código de barras | Visto por última vez | Precio de reemplazo | Tipo de ítem Koha |
|---|---|---|---|---|---|---|---|---|---|---|---|---|---|---|
| Biblioteca del Ateneo de Madrid | Biblioteca del Ateneo de Madrid | Sala Palomar | 17/01/2008 | C-10875 | 1157272 | 23/02/2023 | 23/02/2023 | Libro impreso |
